Statistiques concernant Carte du monde sans 12 pays n°3 - une minute sprint

Cliquez ici pour prendre le quiz!

Statistiques générales

  • Ce quiz a été pris 235 fois
  • Le résultat moyen est 9 sur 12

Réponses sur la Carte

Les réponses sont colorées sur une échelle allant du rouge au vert en fonction du pourcentage des utilisateurs qui les ont devinées à leur premier essai. Vous pouvez retrouver ces pourcentages ci-dessous.
 

Statistiques - réponses

pays% Correct
Uruguay
91%
Oman
79%
Yémen
78%
Estonie
76%
Lettonie
75%
Lituanie
75%
Tunisie
75%
Érythrée
72%
Philippines
67%
Pays-Bas
58%
Irlande
57%
Taïwan
54%

Distribution des résultats

Percentile par nombre de réponses

% des personnes avec chaque résultat

Votre développement - résultats

Vous n’avez pas pris ce quiz